Conference Skills / (Record no. 5328)

MARC details
000 -LEADER
fixed length control field 01888nam a22002897a 4500
008 - FIXED-LENGTH DATA ELEMENTS--GENERAL INFORMATION
fixed length control field 130310t xxu||||| |||| 00| 0 eng d
020 ## - INTERNATIONAL STANDARD BOOK NUMBER
International Standard Book Number 9-7801-9959-1824
082 ## - DEWEY DECIMAL CLASSIFICATION NUMBER
Edition number 22 ed.
Classification number 347.09
Item number SMI
100 ## - MAIN ENTRY--PERSONAL NAME
Personal name Barrister, Rosemary Samwell-Smith
9 (RLIN) 7074
245 ## - TITLE STATEMENT
Title Conference Skills /
Statement of responsibility, etc Rosemary Samwell-Smith, Barrister and Marcus Soanes Barrister
260 ## - PUBLICATION, DISTRIBUTION, ETC. (IMPRINT)
Place of publication, distribution, etc USA :
Name of publisher, distributor, etc Oxford University press
Date of publication, distribution, etc 2010
300 ## - PHYSICAL DESCRIPTION
Extent xiv, 229 P. ;
Dimensions 29 cm.
500 ## - GENERAL NOTE
General note Includes Index
650 ## - SUBJECT ADDED ENTRY--TOPICAL TERM
Topical term or geographic name as entry element Conferencing
9 (RLIN) 7075
650 ## - SUBJECT ADDED ENTRY--TOPICAL TERM
Topical term or geographic name as entry element Conference Skills
9 (RLIN) 7076
700 ## - ADDED ENTRY--PERSONAL NAME
Personal name Barrister, Marcus Soanes
9 (RLIN) 7077
700 ## - ADDED ENTRY--PERSONAL NAME
Personal name Soanes, Marcus
9 (RLIN) 7078
942 ## - ADDED ENTRY ELEMENTS (KOHA)
Source of classification or shelving scheme Dewey Decimal Classification
Item type Books
Holdings
Withdrawn status Lost status Source of classification or shelving scheme Damaged status Not for loan Home library Current library Shelving location Date acquired Total Checkouts Full call number Barcode Date last seen Copy number Price effective from Koha item type Public note
    Dewey Decimal Classification     Law Development Centre Main Library Law Development Centre Main Library Text Books and Laws 03/10/2013   347.09 SMI 4481/2013 03/10/2013 1 03/10/2013 Books Reserve
    Dewey Decimal Classification     Law Development Centre Main Library Law Development Centre Main Library Text Books and Laws 03/10/2013   347.09 SMI 4482/2013 03/10/2013 2 03/10/2013 Books Reserve
    Dewey Decimal Classification     Law Development Centre Main Library Law Development Centre Main Library Text Books and Laws 03/10/2013   347.09 SMI 4483/2013 03/10/2013 3 03/10/2013 Books Reserve
    Dewey Decimal Classification     Law Development Centre Main Library Law Development Centre Main Library Text Books and Laws 03/10/2013   347.09 SMI 4484/2013 03/10/2013 4 03/10/2013 Books Reserve
    Dewey Decimal Classification     Law Development Centre Main Library Law Development Centre Main Library Text Books and Laws 03/10/2013   347.09 SMI 4485/2013 03/10/2013 5 03/10/2013 Books Reserve
    Dewey Decimal Classification     Law Development Centre Main Library Law Development Centre Main Library Text Books and Laws 03/10/2013   347.09 SMI 4486/2013 03/10/2013 6 03/10/2013 Books Reserve
    Dewey Decimal Classification     Law Development Centre Main Library Law Development Centre Main Library Text Books and Laws 03/10/2013   347.09 SMI 4487/2013 03/10/2013 7 03/10/2013 Books Reserve
    Dewey Decimal Classification     Law Development Centre Main Library Law Development Centre Main Library Text Books and Laws 03/10/2013   347.09 SMI 4488/2013 03/10/2013 8 03/10/2013 Books Reserve